Schaum's outline series theory & problems of data processing (Record no. 66791)
[ view plain ]
| 000 -LEADER | |
|---|---|
| fixed length control field | 00467nam a22001697a 4500 |
| 003 - CONTROL NUMBER IDENTIFIER | |
| control field | NUST - PNEC |
| 005 - DATE AND TIME OF LATEST TRANSACTION | |
| control field | 20170116181003.0 |
| 008 - FIXED-LENGTH DATA ELEMENTS--GENERAL INFORMATION | |
| fixed length control field | 150912b xxu||||| |||| 00| 0 eng d |
| 020 ## - INTERNATIONAL STANDARD BOOK NUMBER | |
| International Standard Book Number | 007990328 |
| 040 ## - CATALOGING SOURCE | |
| Transcribing agency | LIBRARY |
| 082 ## - DEWEY DECIMAL CLASSIFICATION NUMBER | |
| Classification number | 005.73 LIP |
| 100 ## - MAIN ENTRY--PERSONAL NAME | |
| 9 (RLIN) | 9649 |
| Personal name | Lipschutz, Martin M, |
| 245 ## - TITLE STATEMENT | |
| Title | Schaum's outline series theory & problems of data processing |
| Statement of responsibility, etc. | Martin M. Lipschutz |
| 260 ## - PUBLICATION, DISTRIBUTION, ETC. | |
| Date of publication, distribution, etc. | c.1982 |
| 650 ## - SUBJECT ADDED ENTRY--TOPICAL TERM | |
| 9 (RLIN) | 9651 |
| Topical term or geographic name entry element | Data processing |
| General subdivision | MIS |
| 942 ## - ADDED ENTRY ELEMENTS (KOHA) | |
| Source of classification or shelving scheme | |
| Koha item type | Book |
| Withdrawn status | Lost status | Source of classification or shelving scheme | Damaged status | Not for loan | Permanent Location | Current Location | Shelving location | Date acquired | Total Checkouts | Full call number | Barcode | Date last seen | Price effective from | Koha item type |
|---|---|---|---|---|---|---|---|---|---|---|---|---|---|---|
| Pakistan Navy Engineering College (PNEC) | Pakistan Navy Engineering College (PNEC) | 005.73 LIP | PNECLIB-006147 | 09/12/2015 | Book | |||||||||
| Pakistan Navy Engineering College (PNEC) | Pakistan Navy Engineering College (PNEC) | 005.73 LIP | PNECLIB-006153 | 09/12/2015 | Book | |||||||||
| Pakistan Navy Engineering College (PNEC) | Pakistan Navy Engineering College (PNEC) | 005.73 LIP | PNECLIB-006150 | 09/12/2015 | Book | |||||||||
| Pakistan Navy Engineering College (PNEC) | Pakistan Navy Engineering College (PNEC) | 005.73 LIP | PNECLIB-006154 | 09/22/2015 | Book | |||||||||
| Pakistan Navy Engineering College (PNEC) | Pakistan Navy Engineering College (PNEC) | 005.73 LIP | PNECLIB-006152 | 09/23/2015 | Book | |||||||||
| Pakistan Navy Engineering College (PNEC) | Pakistan Navy Engineering College (PNEC) | 005.73 LIP | PNECLIB-006148 | 09/29/2015 | Book | |||||||||
| Pakistan Navy Engineering College (PNEC) | Pakistan Navy Engineering College (PNEC) | 005.73 LIP | PNECLIB-006151 | 09/29/2015 | Book | |||||||||
| Pakistan Navy Engineering College (PNEC) | Pakistan Navy Engineering College (PNEC) | 10/01/2015 | 005.73 LIP | PNECLIB-006144 | 10/01/2015 | Book | ||||||||
| Pakistan Navy Engineering College (PNEC) | Pakistan Navy Engineering College (PNEC) | 005.73 LIP | PNECLIB-006163 | 10/03/2015 | Book | |||||||||
| Pakistan Navy Engineering College (PNEC) | Pakistan Navy Engineering College (PNEC) | 005.73 LIP | PNECLIB-006155 | 10/03/2015 | Book |
